Corporate Social Responsibility (Record no. 42931)

MARC details
000 -LEADER
fixed length control field 00308nam a2200121Ia 4500
008 - FIXED-LENGTH DATA ELEMENTS--GENERAL INFORMATION
fixed length control field 241028s9999 xx 000 0 und d
041 ## - LANGUAGE CODE
Language code of text/sound track or separate title eng
082 ## - DEWEY DECIMAL CLASSIFICATION NUMBER
Classification number 346.0664 MUL
100 ## - MAIN ENTRY--PERSONAL NAME
Personal name Ramon Mullerat
245 ## - TITLE STATEMENT
Title Corporate Social Responsibility
260 ## - PUBLICATION, DISTRIBUTION, ETC.
Name of publisher, distributor, etc. Wolter Kluwer
Place of publication, distribution, etc. USA
Date of publication, distribution, etc. 2011
300 ## - PHYSICAL DESCRIPTION
Extent 570;. P. 23 cm
Holdings
Withdrawn status Lost status Damaged status Not for loan Home library Current library Shelving location Date acquired Cost, normal purchase price Full call number Barcode Date last seen Cost, replacement price Price effective from Koha item type
        IMTN IMTN Rack 13-B 07/03/2024 14272.00 346.0664 MUL 33360 10/28/2024 165.00 10/28/2024 Books
Designed & Maintained by: LRC IMT Nagpur Contact: lrc@imtnag.ac.in© 2024. All Rights Reserved.